| 000 | 00451nam a22001457a 4500 | ||
|---|---|---|---|
| 020 | _a9786277865139 | ||
| 040 | _cNUST | ||
| 082 |
_a620.0042 _bKAY |
||
| 100 |
_aKayani, Saheeb Ahmed _9129958 |
||
| 245 |
_aA Brief History of Engineering Design; _bFrom Ancient Innovations to Modern Solutions |
||
| 260 |
_aIslamabad: _bEmel Publication, _c2025. |
||
| 300 | _b138P; 22cm | ||
| 650 |
_aA Brief History of Engineering Design _9129991 |
||
| 942 |
_2ddc _cBK |
||
| 999 |
_c614366 _d614366 |
||